00810nam a22002057a 450000500170000001000130001702000260003003500130005603700240006908200130009310000400010624500740014626000320022027000670025230000300031949000310034994200270038099900170040795201800042420111201152344.0 aB-454766 a9788179932094c155.00 aB-454766 aBlue Berry/VenbDPL a333.7923 aSyngkon Nongpluh, Yoofisaca.945354 aSolar Power :bpowering the future /cby Yoofisaca, Syngkon Nongpluh. aNew DelhibTeri Pressc2008 aDarbari Seth Block, IHC Complex, Lodhi RoadbNew Delhie110003 a30p.bcol.illc28cm. (Hb) aFuture Power Energy945355 2ddccCHmSYNh333.7923 c58890d58890 001040708NFICaZLSbZLSd2012-04-19eBlue Berry/7182/31.10.2011/83/21.03.2011/30.11.2011g155.00l0o333.7923 SYNpB-454766r2012-04-19 00:00:00t01v155.00w2012-04-19yCH